000 00246nam a2200097Ia 4500
001 790323
005 20250826170549.0
008 250824s9999 xx 000 0 und d
245 0 _aBARAJ
_cYazar Adı Belirtilmemiş
260 _bATLI KARINCA YAYINLARI
999 _c790323
_d790323